[Event "Konik Morski Rewala OPEN A"]
[Site "Rewal"]
[Date "2007.08.24"]
[Round "4.35"]
[White "Latocha, Aleksander"]
[Black "Diczew, Filip"]
[Result "0-1"]
[WhiteElo "1817"]
[BlackElo "2112"]
[PlyCount "60"]
[EventDate "2007.??.??"]

1. e4 c5 2. Nf3 e6 3. d4 cxd4 4. Nxd4 Bc5 5. Nb3 Bb6 6. Be2 Ne7 7. Nc3 O-O 8.
O-O f5 9. Bf4 fxe4 10. Bd6 e3 11. f4 Rf6 12. Nd4 Nbc6 13. Nxc6 bxc6 14. Kh1 Nf5
15. Ne4 Rh6 16. Rf3 Bb7 17. Ng5 c5 18. Rh3 Rxh3 19. Nxh3 Qh4 20. Kg1 c4 21. a4
a5 22. c3 Bd5 23. Ba3 d6 24. Qe1 Qh6 25. Rd1 Qg6 26. Ng5 h6 27. g4 hxg5 28.
gxf5 Qxf5 29. Qg3 gxf4 30. Qh4 Qg6+ 0-1

[Event "Konik Morski Rewala OPEN A"]
[Site "Rewal"]
[Date "2007.08.24"]
[Round "4.36"]
[White "Klim, Kamil"]
[Black "Szwed, Jacek"]
[Result "0-1"]
[WhiteElo "2126"]
[BlackElo "2364"]
[PlyCount "68"]
[EventDate "2007.??.??"]

1. d4 Nf6 2. c4 c5 3. d5 b5 4. cxb5 a6 5. bxa6 g6 6. Nc3 Bxa6 7. Nf3 d6 8. g3
Nbd7 9. e4 Bxf1 10. Kxf1 Bg7 11. Kg2 O-O 12. Qc2 Qa5 13. Rb1 Ng4 14. h3 Nge5
15. Nd2 Nb6 16. Nb3 Qa6 17. Rd1 Rfb8 18. Na1 Na4 19. Ne2 Nb6 20. Nc3 Nbc4 21.
a4 Nb6 22. f4 Ned7 23. b3 c4 24. Nb5 cxb3 25. Nxb3 Rc8 26. Qf2 Qxa4 27. N5d4
Qc4 28. Be3 Na4 29. Nd2 Qd3 30. Rb3 Rc3 31. Nb1 Qxe4+ 32. Kh2 Rxb3 33. Nxb3 Nb2
34. Re1 Qxd5 0-1

[Event "Konik Morski Rewala OPEN A"]
[Site "Rewal"]
[Date "2007.08.24"]
[Round "4.37"]
[White "Szymanski, Andrzej"]
[Black "Kunicki, Michal"]
[Result "1-0"]
[WhiteElo "2251"]
[BlackElo "2120"]
[PlyCount "53"]
[EventDate "2007.??.??"]

1. d4 Nf6 2. c4 e6 3. Nc3 Bb4 4. e3 O-O 5. Bd3 c5 6. Nf3 d5 7. O-O cxd4 8. exd4
dxc4 9. Bxc4 b6 10. Qe2 Bb7 11. Rd1 Bxc3 12. bxc3 Nd5 13. Bg5 Qc7 14. Rac1 Nd7
15. Bb3 Rac8 16. c4 Nf4 17. Qe3 Ng6 18. h4 Nf6 19. Bxf6 gxf6 20. h5 Nf4 21. Bc2
f5 22. g3 Nxh5 23. Qg5+ Ng7 24. d5 Kh8 25. Qh6 f6 26. Rd4 Ne8 27. Qxf8# 1-0

[Event "Konik Morski Rewala OPEN A"]
[Site "Rewal"]
[Date "2007.08.24"]
[Round "4.38"]
[White "Cherednichenko, Elena"]
[Black "Budrewicz, Krzysztof"]
[Result "0-1"]
[WhiteElo "2105"]
[BlackElo "2224"]
[PlyCount "110"]
[EventDate "2007.??.??"]

1. d4 Nf6 2. Nf3 g6 3. c4 Bg7 4. Nc3 O-O 5. e4 d6 6. Be2 e5 7. dxe5 dxe5 8.
Qxd8 Rxd8 9. Bg5 Rf8 10. Nd5 Nxd5 11. cxd5 c6 12. Bc4 cxd5 13. Bxd5 Na6 14.
O-O-O Nc7 15. Bb3 a5 16. a4 b5 17. Be7 Re8 18. Bd6 Bg4 19. Kb1 Rec8 20. Bxc7
Rxc7 21. axb5 Rb8 22. h3 Bxf3 23. gxf3 Rxb5 24. Rd8+ Bf8 25. Ba4 Rb4 26. b3 Kg7
27. Rc1 Rcb7 28. Ka2 R4b6 29. Rd5 Bb4 30. Rxe5 Rf6 31. Rc2 Rxf3 32. h4 h5 33.
Rg5 Rf4 34. e5 Re7 35. Bc6 Rxh4 36. Re2 Rd4 37. f3 Rd2+ 38. Rxd2 Bxd2 39. Rg2
Bf4 40. Ka3 Rxe5 41. Be4 f5 42. Bd3 h4 43. Rg1 h3 44. Ka4 h2 45. Rh1 Kf6 46. b4
axb4 47. Kxb4 Re3 48. Bb5 Re7 49. Kc3 Rc7+ 50. Bc4 Kg5 51. Kd4 Kh4 52. Bd3 Kg3
53. Bf1 Rc1 54. Kd3 Rxf1 55. Rxf1 Kg2 0-1

[Event "Konik Morski Rewala OPEN A"]
[Site "Rewal"]
[Date "2007.08.24"]
[Round "4.39"]
[White "Janczarski, Michal"]
[Black "Krasenkova, Ilena"]
[Result "0-1"]
[WhiteElo "2088"]
[BlackElo "2224"]
[PlyCount "74"]
[EventDate "2007.??.??"]

1. c4 Nf6 2. Nf3 g6 3. Nc3 d5 4. cxd5 Nxd5 5. Nxd5 Qxd5 6. g3 Bg7 7. Bg2 Qd8 8.
O-O O-O 9. d3 Nc6 10. Qc2 e5 11. Bd2 Nd4 12. Nxd4 exd4 13. b4 c6 14. a4 Bg4 15.
h3 Be6 16. b5 Rc8 17. bxc6 bxc6 18. Qc5 Qd7 19. Kh2 Rfe8 20. Bf4 Bf8 21. Qc2 c5
22. Rfb1 Bd5 23. a5 h5 24. a6 Bxg2 25. Kxg2 Qd5+ 26. Kh2 Qf5 27. Qd2 g5 28. e4
dxe3 29. Bxe3 Bg7 30. Ra5 h4 31. Kg2 hxg3 32. fxg3 Qd5+ 33. Kh2 Bc3 34. Qxc3
Rxe3 35. Rb2 Rce8 36. Qd2 Qf3 37. Qg2 Re2 0-1

[Event "Konik Morski Rewala OPEN A"]
[Site "Rewal"]
[Date "2007.08.24"]
[Round "4.40"]
[White "Stachanczyk, Jacek"]
[Black "Tokarski, Bartosz"]
[Result "0-1"]
[WhiteElo "2186"]
[BlackElo "2100"]
[PlyCount "58"]
[EventDate "2007.??.??"]

1. e4 c5 2. Nf3 d6 3. d4 cxd4 4. Nxd4 Nf6 5. Nc3 a6 6. Bg5 e6 7. f4 h6 8. Bh4
Be7 9. Qf3 Qc7 10. O-O-O Nbd7 11. Bd3 g5 12. fxg5 Ne5 13. Qe2 Nfg4 14. Nf3 hxg5
15. Bg3 b5 16. h3 Nxd3+ 17. Qxd3 Ne5 18. Qd4 f6 19. h4 g4 20. Nxe5 dxe5 21. Qf2
Bb7 22. Qe2 b4 23. Qxg4 bxc3 24. Qg6+ Kf8 25. Rhf1 cxb2+ 26. Kb1 Rg8 27. Rxf6+
Bxf6 28. Qxf6+ Qf7 29. Qh6+ Ke8 0-1

[Event "Konik Morski Rewala OPEN A"]
[Site "Rewal"]
[Date "2007.08.24"]
[Round "4.41"]
[White "Wozniak, Maciej"]
[Black "Morozova, Julia"]
[Result "1-0"]
[WhiteElo "2180"]
[BlackElo "2073"]
[PlyCount "89"]
[EventDate "2007.??.??"]

1. e4 e6 2. d3 d5 3. Nd2 c5 4. Ngf3 Nc6 5. g3 Nf6 6. Bg2 b6 7. O-O Bb7 8. Re1
Be7 9. c3 Qc7 10. a3 a5 11. Nf1 O-O-O 12. Qa4 h6 13. b4 dxe4 14. dxe4 Rd3 15.
bxa5 Nxa5 16. Qc2 c4 17. Bf4 Qc5 18. Be3 Qc7 19. Rab1 Bc5 20. Bf4 Qe7 21. Ne5
Rhd8 22. Nxd3 cxd3 23. Qa2 Ng4 24. Ne3 Nxf2 25. Qxf2 e5 26. Kh1 exf4 27. Qxf4
Qc7 28. Qxc7+ Kxc7 29. Nd5+ Kb8 30. Red1 Ba6 31. Nxb6 Ka7 32. Nd5 Nc4 33. Bf1
Ne5 34. Bg2 f6 35. a4 Bb7 36. Rb5 Bf2 37. Rdb1 Rd7 38. a5 d2 39. a6 Bc6 40.
R5b2 Nc4 41. Rc2 Bc5 42. Rd1 Ba4 43. Rcxd2 Bxd1 44. Rxd1 Kxa6 45. Nb4+ 1-0

[Event "Konik Morski Rewala OPEN A"]
[Site "Rewal"]
[Date "2007.08.24"]
[Round "4.42"]
[White "Marta, Daniele"]
[Black "Jozwicki, Jakub"]
[Result "1/2-1/2"]
[WhiteElo "2079"]
[BlackElo "2178"]
[PlyCount "133"]
[EventDate "2007.??.??"]

1. d4 f5 2. g3 Nf6 3. Bg2 g6 4. Nf3 Bg7 5. O-O O-O 6. c4 d6 7. Nc3 c6 8. Qb3
Na6 9. Ng5 c5 10. d5 Nc7 11. Rb1 Rb8 12. Qa3 b5 13. cxb5 Nxb5 14. Nxb5 Rxb5 15.
Bd2 Qb6 16. Rfc1 h6 17. Nh3 Ne4 18. Rc2 Nxd2 19. Rxd2 g5 20. Qe3 c4 21. Qxb6
Rxb6 22. Rc1 Ba6 23. b3 c3 24. Rdc2 f4 25. Be4 Bc8 26. Kg2 Bf5 27. f3 Bxe4 28.
fxe4 fxg3 29. hxg3 a5 30. Nf2 a4 31. bxa4 Rb4 32. a5 Ra8 33. Kf3 Ra4 34. a6
Rf8+ 35. Kg2 Ra8 36. Kf3 R8xa6 37. Nd1 Rc4 38. Ne3 Rca4 39. Nf5 Kf7 40. Nxg7
Kxg7 41. g4 Rb4 42. Rxc3 Rxa2 43. Rh1 Raa4 44. Re3 Rd4 45. Rh2 Rd1 46. Kf2 Raa1
47. Reh3 Rf1+ 48. Ke3 Ra3+ 49. Kd4 Ra4+ 50. Ke3 Rf4 51. Rxh6 Raxe4+ 52. Kd3
Rxg4 53. Rh7+ Kf6 54. Rf2+ Ref4 55. Rxf4+ Rxf4 56. Rh6+ Ke5 57. Re6+ Kxd5 58.
Rxe7 Rg4 59. e4+ Kc6 60. Rg7 Rg1 61. Kd4 Rg3 62. Rg6 Kd7 63. e5 dxe5+ 64. Kxe5
Ke7 65. Kf5 Kf7 66. Rxg5 Rxg5+ 67. Kxg5 1/2-1/2

[Event "Konik Morski Rewala OPEN A"]
[Site "Rewal"]
[Date "2007.08.24"]
[Round "4.43"]
[White "Krasnodebska, Magdalena"]
[Black "Tsifanskaya, Ludmila A"]
[Result "0-1"]
[WhiteElo "1992"]
[BlackElo "2170"]
[PlyCount "86"]
[EventDate "2007.??.??"]

1. e4 c5 2. Nf3 Nc6 3. Bb5 g6 4. Bxc6 dxc6 5. h3 Bg7 6. d3 Qc7 7. Nc3 e5 8. Be3
b6 9. Qd2 h6 10. O-O Nf6 11. Nh2 Nd7 12. f4 exf4 13. Bxf4 Ne5 14. Nf3 Nxf3+ 15.
Rxf3 Qe7 16. Raf1 Be6 17. Be3 O-O-O 18. Ne2 Rd7 19. Nf4 Bxa2 20. Qf2 Be6 21.
Nxe6 fxe6 22. Rf7 Qxf7 23. Qxf7 Rxf7 24. Rxf7 Bxb2 25. Rxa7 g5 26. Re7 e5 27.
Kh2 Bd4 28. Bxd4 exd4 29. Rf7 b5 30. Rf5 Kd7 31. Rxc5 Ra8 32. Rf5 Ra2 33. Rf2
b4 34. Kg3 c5 35. Kf3 Ke6 36. g3 Rb2 37. e5 Kxe5 38. Re2+ Kd6 39. g4 Kd5 40.
Rf2 b3 41. cxb3 Rxb3 42. Rd2 c4 43. Ke2 Rxd3 0-1

[Event "Konik Morski Rewala OPEN A"]
[Site "Rewal"]
[Date "2007.08.24"]
[Round "4.44"]
[White "Slezak, Robert"]
[Black "Czachor, Radoslaw"]
[Result "1-0"]
[WhiteElo "2167"]
[BlackElo "2038"]
[PlyCount "90"]
[EventDate "2007.??.??"]

1. e4 d5 2. exd5 Nf6 3. Nc3 Nxd5 4. Bc4 e6 5. Nge2 Nc6 6. O-O Bd6 7. h3 Nb6 8.
Bb3 a5 9. a3 O-O 10. Ne4 Be7 11. d4 a4 12. Ba2 e5 13. d5 Nb8 14. Be3 N8d7 15.
N2c3 Kh8 16. d6 cxd6 17. Nxd6 Bxd6 18. Qxd6 Ra6 19. Qd3 Ra5 20. Bc4 Ra8 21. Bb5
Nf6 22. Nxa4 Bf5 23. Qe2 Nbd7 24. Rac1 Rc8 25. Bd2 Qc7 26. Bb4 Rfe8 27. Rfd1
Be6 28. Bd6 Bc4 29. Bxc7 Bxe2 30. Bxd7 Nxd7 31. Rd2 Bb5 32. Nc3 Bc6 33. Bd6 f5
34. Na2 Nf6 35. Nb4 Bb5 36. Re1 Rcd8 37. Rdd1 Rd7 38. Bc5 Ne4 39. Bb6 Nd2 40.
Be3 Nc4 41. Rxd7 Bxd7 42. Bc1 Ra8 43. b3 Nxa3 44. Rxe5 Kg8 45. Re7 Bb5 1-0

[Event "Konik Morski Rewala OPEN A"]
[Site "Rewal"]
[Date "2007.08.24"]
[Round "4.45"]
[White "Kielar, Maciej"]
[Black "Dudys, Jakub"]
[Result "1/2-1/2"]
[WhiteElo "1976"]
[BlackElo "2162"]
[PlyCount "63"]
[EventDate "2007.??.??"]

1. e4 d5 2. exd5 Qxd5 3. Nc3 Qd6 4. Nf3 Nf6 5. Be2 a6 6. O-O Nc6 7. Re1 Bg4 8.
b3 e6 9. Bb2 O-O-O 10. d3 Qd7 11. a3 Bc5 12. b4 Bb6 13. Na4 Ba7 14. Nc5 Bxc5
15. bxc5 Bxf3 16. Bxf3 Nd4 17. Bxd4 Qxd4 18. Rb1 c6 19. Rb4 Qxc5 20. Qb1 Rd7
21. Bxc6 Qxc6 22. Rc4 Qxc4 23. dxc4 Rhd8 24. g3 Rc7 25. Qb4 Ng8 26. Qc3 Nf6 27.
Re5 Rd6 28. Qb4 Kd7 29. Re3 h6 30. Rd3 Ne4 31. Qb6 f6 32. f3 1/2-1/2

[Event "Konik Morski Rewala OPEN A"]
[Site "Rewal"]
[Date "2007.08.24"]
[Round "4.46"]
[White "Kopisch, Martin"]
[Black "Jensen, Christine"]
[Result "1-0"]
[WhiteElo "2154"]
[BlackElo "2018"]
[PlyCount "59"]
[EventDate "2007.??.??"]

1. d4 c5 2. d5 e5 3. c4 d6 4. e4 Nf6 5. Nc3 Be7 6. Be2 O-O 7. Nf3 Na6 8. O-O
Nc7 9. Ne1 Nfe8 10. f4 exf4 11. Bxf4 Bg5 12. Qd2 Bxf4 13. Qxf4 a6 14. a4 b6 15.
Nf3 f6 16. Bd3 Qe7 17. Qh4 g6 18. Rf2 Bd7 19. Re1 Qg7 20. Ref1 Rf7 21. Qg3 Rb8
22. Qh4 b5 23. axb5 axb5 24. e5 fxe5 25. Ng5 Rxf2 26. Rxf2 h6 27. Rf7 hxg5 28.
Rxg7+ Kxg7 29. Qxg5 Bf5 30. Bxf5 1-0

[Event "Konik Morski Rewala OPEN A"]
[Site "Rewal"]
[Date "2007.08.24"]
[Round "4.47"]
[White "Tofil, Borys"]
[Black "Wandzik, Wojciech"]
[Result "0-1"]
[WhiteElo "2148"]
[BlackElo "2009"]
[PlyCount "76"]
[EventDate "2007.??.??"]

1. e4 d5 2. Nc3 dxe4 3. Nxe4 Nf6 4. Nxf6+ exf6 5. d4 Bd6 6. Be3 O-O 7. Nf3 Re8
8. Be2 Bf5 9. O-O Nd7 10. c4 c6 11. Qd2 Qe7 12. Nh4 Qe4 13. Nxf5 Qxf5 14. b4
Rad8 15. Bf3 Bc7 16. Qc1 Qe6 17. g3 Nb6 18. d5 Qf5 19. Bg2 cxd5 20. cxd5 Rc8
21. Qb1 Qh5 22. Qb3 Nc4 23. Rfe1 Nxe3 24. Rxe3 Bb6 25. Rxe8+ Rxe8 26. d6 Qg4
27. Rd1 Qe2 28. Qf3 Bxf2+ 29. Kh1 Qc2 30. d7 Rd8 31. Qd3 Qxa2 32. Bd5 Qa4 33.
Rd2 Bb6 34. Bxb7 Qxb4 35. Re2 g6 36. Re8+ Kg7 37. Bc6 Qc5 38. Kg2 Qxc6+ 0-1

[Event "Konik Morski Rewala OPEN A"]
[Site "Rewal"]
[Date "2007.08.24"]
[Round "4.48"]
[White "Polok, Rafal"]
[Black "Czaja, Roman"]
[Result "1-0"]
[WhiteElo "1942"]
[BlackElo "2146"]
[PlyCount "65"]
[EventDate "2007.??.??"]

1. e4 e6 2. d4 d5 3. exd5 exd5 4. c4 c6 5. Nc3 Nf6 6. Bd3 Be6 7. c5 b6 8. cxb6
axb6 9. Nge2 Bd6 10. Bf4 O-O 11. O-O Re8 12. Qd2 Re7 13. Rfe1 c5 14. Rac1 Bxf4
15. Qxf4 Nbd7 16. a3 c4 17. Bc2 Nf8 18. Qg5 Qd7 19. Nf4 Ree8 20. h4 h6 21. Qg3
Bf5 22. Rxe8 Rxe8 23. Ba4 Qd8 24. Bxe8 Qxe8 25. Ncxd5 Nxd5 26. Nxd5 Qd8 27. Ne3
Bd3 28. Nxc4 Qxd4 29. Nxb6 Qxb2 30. Rc8 Qb1+ 31. Kh2 Qxb6 32. Qxd3 Qxf2 33.
Rxf8+ 1-0

[Event "Konik Morski Rewala OPEN A"]
[Site "Rewal"]
[Date "2007.08.24"]
[Round "4.49"]
[White "Matuszewski, Michal"]
[Black "Dombrowski, Bartosz"]
[Result "1/2-1/2"]
[WhiteElo "2144"]
[BlackElo "1942"]
[PlyCount "116"]
[EventDate "2007.??.??"]

1. d4 Nf6 2. c4 g6 3. Nc3 Bg7 4. e4 d6 5. Be2 O-O 6. Nf3 e5 7. Be3 Nc6 8. d5
Ne7 9. Nd2 Nd7 10. b4 f5 11. f3 Nf6 12. c5 f4 13. Bf2 g5 14. h4 gxh4 15. Rxh4
Ng6 16. Rh1 Rf7 17. Nc4 Bf8 18. Qb3 Bd7 19. Rc1 h5 20. Na5 Bc8 21. a4 h4 22.
Nc4 Nh5 23. cxd6 cxd6 24. Nb5 Ng3 25. Rg1 b6 26. Nc3 h3 27. gxh3 Rh7 28. a5
bxa5 29. Nxa5 Rxh3 30. Nc6 Qh4 31. Kd2 Rh2 32. Be1 Qh5 33. Kd1 Kh7 34. Rb1 Rh1
35. Rxh1 Qxh1 36. Kd2 Qg2 37. Qd1 Nh4 38. Kd3 Bh6 39. Bxg3 fxg3 40. Qg1 Qxg1
41. Rxg1 g2 42. Bf1 Nxf3 43. Rxg2 Ne1+ 44. Kc4 Nxg2 45. Bxg2 Bg4 46. Bf1 a6 47.
Kb3 Bd2 48. Nb1 Bd1+ 49. Ka2 Be3 50. Na3 Bb6 51. Nc4 Bc7 52. Na7 Rb8 53. Ka3
Bc2 54. Nd2 Kh6 55. Bxa6 Re8 56. b5 Bb6 57. Kb2 Bd3 58. Kc3 Be2 1/2-1/2

[Event "Konik Morski Rewala OPEN A"]
[Site "Rewal"]
[Date "2007.08.24"]
[Round "4.50"]
[White "Rawicz, Karol"]
[Black "Czaus, Piotr"]
[Result "1-0"]
[WhiteElo "2170"]
[BlackElo "1981"]
[PlyCount "111"]
[EventDate "2007.??.??"]

1. e4 g6 2. d4 Bg7 3. c4 d6 4. Nc3 Nf6 5. Nf3 O-O 6. Be2 e5 7. O-O a5 8. Be3
exd4 9. Nxd4 Na6 10. f3 Nc5 11. Qd2 Bd7 12. Rfd1 Qc8 13. Rac1 Re8 14. b3 Nh5
15. Nd5 f5 16. exf5 gxf5 17. Bh6 Qd8 18. Bxg7 Nxg7 19. Qh6 Rf8 20. f4 c6 21.
Rc3 Be8 22. Rg3 Bg6 23. Nc3 Qf6 24. h4 Kh8 25. Qg5 h6 26. Qxg6 Qxg6 27. Rxg6
Kh7 28. Rg3 Rae8 29. Bd3 Ne4 30. Bxe4 fxe4 31. Nde2 Nf5 32. Rh3 Rg8 33. Kf2 Rg6
34. Ng3 e3+ 35. Kf3 Ng7 36. h5 Rge6 37. Rhh1 Rf8 38. Nce4 e2 39. Rxd6 Re7 40.
Re1 Ref7 41. Kxe2 Rxf4 42. Rf1 Rxf1 43. Nxf1 Nxh5 44. Rd7+ Kg6 45. Ne3 Nf4+ 46.
Kd2 Re8 47. Rd6+ Kg7 48. Nf5+ Kf7 49. Rf6+ Kg8 50. Nxh6+ Kg7 51. Rxf4 Kxh6 52.
g4 Kg6 53. Ke3 b5 54. Rf6+ Kg7 55. Rxc6 bxc4 56. bxc4 1-0

[Event "Konik Morski Rewala OPEN A"]
[Site "Rewal"]
[Date "2007.08.24"]
[Round "4.51"]
[White "Majcher, Marcin"]
[Black "Siwiec, Arkadiusz"]
[Result "0-1"]
[WhiteElo "2163"]
[BlackElo "2048"]
[PlyCount "76"]
[EventDate "2007.??.??"]

1. e4 c5 2. Nc3 Nc6 3. Nge2 d6 4. d4 cxd4 5. Nxd4 Nf6 6. Bg5 Bd7 7. Nb3 e6 8.
Qd2 a6 9. O-O-O b5 10. f4 b4 11. Bxf6 Qxf6 12. Ne2 Qd8 13. Ned4 Qb6 14. f5 e5
15. Nxc6 Bxc6 16. Qe1 Be7 17. Bc4 a5 18. Kb1 a4 19. Nc1 Rc8 20. Bd5 O-O 21. Qe2
Rc7 22. h4 Rfc8 23. Rd2 Bxd5 24. exd5 Rc4 25. g4 Rd4 26. g5 Rcc4 27. g6 Rxh4
28. gxf7+ Kxf7 29. Rxh4 Rxh4 30. Rd1 Bg5 31. Nd3 Qe3 32. Qg2 h6 33. Re1 Qd4 34.
Qf3 e4 35. Qe2 b3 36. axb3 axb3 37. Nf2 Rh2 38. Qxe4 Qxe4 0-1

[Event "Konik Morski Rewala OPEN A"]
[Site "Rewal"]
[Date "2007.08.24"]
[Round "4.52"]
[White "Kotermanska, Anna"]
[Black "Roth, Josef"]
[Result "1-0"]
[WhiteElo "1980"]
[BlackElo "2158"]
[PlyCount "51"]
[EventDate "2007.??.??"]

1. e4 c5 2. Nf3 Nc6 3. d4 cxd4 4. Nxd4 Nf6 5. Nc3 d6 6. Bg5 e6 7. Qd2 Be7 8.
O-O-O Nxd4 9. Qxd4 O-O 10. f4 h6 11. Bxf6 gxf6 12. f5 Qa5 13. Kb1 Qe5 14. Qf2
Kh7 15. Bc4 Bd7 16. Rd3 Rg8 17. Rh3 Rg5 18. Qh4 Bf8 19. Rg3 b5 20. Bd3 b4 21.
Nd1 Rxg3 22. hxg3 exf5 23. exf5 a5 24. Qh5 Qe3 25. Qxf7+ Kh8 26. Qg6 1-0

[Event "Konik Morski Rewala OPEN A"]
[Site "Rewal"]
[Date "2007.08.24"]
[Round "4.53"]
[White "Gola, Karol"]
[Black "Raczynski, Marcin"]
[Result "1-0"]
[WhiteElo "2141"]
[BlackElo "2044"]
[PlyCount "151"]
[EventDate "2007.??.??"]

1. e4 c5 2. Nf3 Nc6 3. Bb5 g6 4. Bxc6 dxc6 5. d3 Bg7 6. h3 e5 7. Nc3 Qc7 8. Be3
b6 9. Qd2 Nf6 10. Bh6 O-O 11. O-O-O a5 12. h4 Bg4 13. Rdg1 Bxf3 14. gxf3 Nh5
15. Ne2 f5 16. Bxg7 Qxg7 17. Rg2 f4 18. Rg5 Kh8 19. Qc3 Rfe8 20. Rhg1 Qf6 21.
a4 Rab8 22. Kb1 Rb7 23. Nc1 Rg7 24. Nb3 h6 25. R5g4 Kh7 26. Nd2 Qd8 27. Nc4 Qc7
28. Qb3 Rb8 29. Qc3 Nf6 30. Qxe5 Qxe5 31. Nxe5 Nxg4 32. Rxg4 g5 33. Nxc6 Re8
34. d4 cxd4 35. Nxd4 Rd7 36. c3 Kg6 37. Kc2 Re5 38. Nf5 b5 39. axb5 Rxb5 40.
Rg1 a4 41. h5+ Kh7 42. Nd4 Rb6 43. Ra1 Rdb7 44. Ra2 Kg7 45. c4 Kf6 46. Kc3 Ra6
47. Ra1 Ke5 48. Rd1 a3 49. Nb5 a2 50. Ra1 g4 51. fxg4 Kxe4 52. Nd4 f3 53. Nc2
Rd6 54. Nb4 Rg7 55. Rxa2 Rxg4 56. Nd5 Rg5 57. b4 Rxh5 58. Rd2 Ke5 59. b5 Rf5
60. Rd3 Ke6 61. b6 Rf8 62. Re3+ Kd7 63. Re7+ Kc8 64. Kd4 Rfd8 65. Kc5 R8d7 66.
Re3 Kb7 67. Rxf3 Rc6+ 68. Kb5 Re6 69. Rf5 Rg6 70. c5 Rdg7 71. f4 Re6 72. Nb4
Re8 73. c6+ Ka8 74. Ka6 Rg1 75. b7+ Kb8 76. Kb6 1-0

[Event "Konik Morski Rewala OPEN A"]
[Site "Rewal"]
[Date "2007.08.24"]
[Round "4.54"]
[White "Kowalska, Sara"]
[Black "Korosciel, Aneta"]
[Result "1-0"]
[WhiteElo "1867"]
[BlackElo "2105"]
[PlyCount "57"]
[EventDate "2007.??.??"]

1. d4 Nf6 2. c4 e6 3. Nf3 b6 4. g3 Ba6 5. b3 Bb4+ 6. Bd2 Be7 7. Bc3 c6 8. Bg2
d5 9. Nbd2 O-O 10. O-O Nbd7 11. Rc1 Rc8 12. Bb2 c5 13. dxc5 Nxc5 14. Rc2 b5 15.
cxd5 Nxd5 16. Qa1 Bf6 17. Nd4 Nb4 18. Rcc1 Qb6 19. Rfd1 Rfd8 20. N2f3 Ne4 21.
Rxc8 Rxc8 22. Ne1 Nxf2 23. Kxf2 e5 24. Kf1 exd4 25. Bxd4 Bxd4 26. Qxd4 Nxa2 27.
Qxb6 axb6 28. Ra1 Nb4 29. Nd3 1-0

[Event "Konik Morski Rewala OPEN A"]
[Site "Rewal"]
[Date "2007.08.24"]
[Round "4.55"]
[White "Schroeter, Guenter"]
[Black "Labedz, Patrycja"]
[Result "0-1"]
[WhiteElo "2104"]
[BlackElo "1942"]
[PlyCount "89"]
[EventDate "2007.??.??"]

1. e4 c6 2. d4 d5 3. exd5 cxd5 4. c4 Nf6 5. Nc3 Nc6 6. Nf3 Bg4 7. cxd5 Nxd5 8.
Qb3 Bxf3 9. gxf3 e6 10. Qxb7 Nxd4 11. Bb5+ Nxb5 12. Qc6+ Ke7 13. Qxb5 f6 14.
O-O Nxc3 15. bxc3 Kf7 16. Qb7+ Be7 17. Be3 Qc8 18. Rab1 a6 19. Rfd1 Rb8 20.
Qxb8 Qxb8 21. Rxb8 Rxb8 22. Rd7 Rc8 23. Ra7 Rc6 24. a4 Kf8 25. c4 Bb4 26. c5 a5
27. Kf1 Bxc5 28. Rxa5 Bxe3 29. fxe3 Rc2 30. Kg1 Kf7 31. Ra8 Re2 32. e4 Ra2 33.
a5 Kg6 34. a6 Kg5 35. Ra7 Kf4 36. Rxg7 Kxf3 37. h4 Rxa6 38. Rxh7 Kxe4 39. h5
Ra5 40. Rh6 Rg5+ 41. Kf2 Kf5 42. Rh8 e5 43. Kf3 Rg7 44. Rh6 Rg8 45. Rh7 0-1

[Event "Konik Morski Rewala OPEN A"]
[Site "Rewal"]
[Date "2007.08.24"]
[Round "4.56"]
[White "Czartoryski, Pawel"]
[Black "Walas, Aleksandra"]
[Result "1-0"]
[WhiteElo "2066"]
[BlackElo "1884"]
[PlyCount "89"]
[EventDate "2007.??.??"]

1. d4 d6 2. c4 Nf6 3. Nc3 g6 4. e4 Bg7 5. Be2 O-O 6. Nf3 Nbd7 7. O-O e5 8. d5
Nc5 9. Qc2 a5 10. b3 Ne8 11. a3 f5 12. Bg5 Nf6 13. Nd2 f4 14. b4 Ncd7 15. Bg4
h6 16. Bxf6 Nxf6 17. Bxc8 Qxc8 18. c5 Ne8 19. f3 Qd8 20. Nc4 axb4 21. axb4 Rf7
22. Rxa8 Qxa8 23. Qb2 Bf8 24. Ra1 Qd8 25. c6 b6 26. Ra7 Qh4 27. Qf2 Qg5 28. Nb5
Qd8 29. Qa2 Qh4 30. Qa1 Qd8 31. Ra8 Qe7 32. Rc8 g5 33. Qa8 g4 34. Nd2 Qh4 35.
Qa1 Rg7 36. Rxe8 gxf3 37. Nxf3 Qh5 38. Rxf8+ Kxf8 39. Qa8+ Ke7 40. Nxc7 Qg6 41.
Nh4 Qxe4 42. Qe8+ Kf6 43. Qf8+ Rf7 44. Ne8+ Kg5 45. Nf3+ 1-0

[Event "Konik Morski Rewala OPEN A"]
[Site "Rewal"]
[Date "2007.08.24"]
[Round "4.57"]
[White "Pacak, Mateusz"]
[Black "Dinckel, Joerg"]
[Result "1/2-1/2"]
[WhiteElo "1885"]
[BlackElo "2066"]
[PlyCount "86"]
[EventDate "2007.??.??"]

1. e4 c5 2. Nc3 e6 3. g3 Nc6 4. Bg2 Nf6 5. d3 d5 6. exd5 exd5 7. Bg5 Be7 8.
Bxf6 Bxf6 9. Nxd5 Bxb2 10. Rb1 Bd4 11. Ne2 O-O 12. O-O Rb8 13. Nef4 Ne7 14.
Nxe7+ Qxe7 15. Nd5 Qd8 16. Re1 Be6 17. c4 Bxd5 18. Bxd5 Qf6 19. Qf3 b6 20. Qxf6
Bxf6 21. Re4 Rfe8 22. Rbe1 Rxe4 23. dxe4 Bd4 24. a4 Kf8 25. Kg2 Ke7 26. e5 a6
27. e6 f5 28. Rb1 Bc3 29. Rb3 Bb4 30. h3 Rd8 31. g4 fxg4 32. hxg4 h6 33. f4 Rf8
34. f5 Kf6 35. Bb7 Rd8 36. Bxa6 Rd4 37. Re3 Ke7 38. Kf3 Rd1 39. Bb7 Rd4 40. Bd5
Rd1 41. Be4 Rd4 42. Rd3 Rxd3+ 43. Bxd3 Bd2 1/2-1/2

[Event "Konik Morski Rewala OPEN A"]
[Site "Rewal"]
[Date "2007.08.24"]
[Round "4.58"]
[White "Warchalowski, Daniel"]
[Black "Krzywkowski, Marcin"]
[Result "0-1"]
[WhiteElo "2061"]
[BlackElo "1861"]
[PlyCount "54"]
[EventDate "2007.??.??"]

1. e4 e5 2. Nf3 Nc6 3. d4 exd4 4. Nxd4 Bc5 5. Be3 Qf6 6. c3 Nge7 7. Bc4 O-O 8.
O-O Bb6 9. Bb3 d6 10. Kh1 Be6 11. Nxe6 fxe6 12. Bxb6 axb6 13. Qg4 Ne5 14. Qxe6+
Kh8 15. Qh3 N7g6 16. Bc2 Nf4 17. Qg3 Qe6 18. b3 Rf6 19. f3 Raf8 20. Qf2 Rg6 21.
Rg1 Rff6 22. Nd2 Rh6 23. Nf1 Ng4 24. Qd2 Ne5 25. Ne3 Qe7 26. Nf5 Rxf5 27. Rgd1
Rff6 0-1

[Event "Konik Morski Rewala OPEN A"]
[Site "Rewal"]
[Date "2007.08.24"]
[Round "4.59"]
[White "Gosciniak, Maria"]
[Black "Malczyk, Jakub"]
[Result "0-1"]
[WhiteElo "2076"]
[BlackElo "2050"]
[PlyCount "106"]
[EventDate "2007.??.??"]

1. e4 d5 2. exd5 Qxd5 3. Nc3 Qd6 4. d4 Nf6 5. Be3 a6 6. Nf3 b5 7. g3 Bb7 8. Bg2
e6 9. O-O Nbd7 10. Bf4 Qb6 11. a4 b4 12. a5 Qa7 13. Na4 Bd6 14. Qd2 Rb8 15.
Bxd6 cxd6 16. Qf4 Qa8 17. b3 Rc8 18. Rac1 g5 19. Qe3 Ng4 20. Qe2 Rg8 21. Ne1
Ngf6 22. Bxb7 Qxb7 23. Nd3 Nd5 24. f4 gxf4 25. Nxf4 Nxf4 26. Rxf4 Ke7 27. Qh5
Rgf8 28. Qxh7 Qd5 29. Rcf1 e5 30. dxe5 dxe5 31. Rxb4 Qxa5 32. c3 Qd5 33. Qf5 f6
34. Rd4 Qe6 35. Qxe6+ Kxe6 36. Rxd7 Kxd7 37. Nb6+ Ke6 38. Nxc8 Rxc8 39. Rf3 e4
40. Re3 Ke5 41. Kf2 f5 42. h4 a5 43. c4 Kd4 44. Re1 Kc3 45. Rb1 Rb8 46. Ke3 a4
47. Kf4 axb3 48. Kxf5 e3 49. Kf4 e2 50. Kf3 Kd3 51. Kf2 Rf8+ 52. Kg2 Kc2 53.
Rh1 b2 0-1

[Event "Konik Morski Rewala OPEN A"]
[Site "Rewal"]
[Date "2007.08.25"]
[Round "5.1"]
[White "Czakon, Jakub"]
[Black "Szoen, Dariusz"]
[Result "1/2-1/2"]
[WhiteElo "2505"]
[BlackElo "2452"]
[PlyCount "20"]
[EventDate "2007.??.??"]

1. d4 d5 2. c4 e5 3. dxe5 d4 4. Nf3 Nc6 5. g3 Nge7 6. Bg2 Ng6 7. Bg5 Qd7 8. e6
fxe6 9. O-O h6 10. Bc1 a5 1/2-1/2

[Event "Konik Morski Rewala OPEN A"]
[Site "Rewal"]
[Date "2007.08.25"]
[Round "5.2"]
[White "Nester, Ihor"]
[Black "Schebler, Gerhard"]
[Result "1-0"]
[WhiteElo "2354"]
[BlackElo "2496"]
[PlyCount "39"]
[EventDate "2007.??.??"]

1. Nf3 g6 2. c4 Bg7 3. d4 c5 4. e4 Qa5+ 5. Nc3 Nc6 6. d5 Nd4 7. Bd2 Nxf3+ 8.
Qxf3 d6 9. Bd3 Nf6 10. e5 dxe5 11. d6 Qb6 12. dxe7 Be6 13. O-O Kxe7 14. Na4 Qc7
15. Nxc5 Qc6 16. Ne4 a5 17. Bg5 Bf5 18. Qe3 Rhe8 19. Nxf6 Bxf6 20. Bxf5 1-0